LEADER 01278nam0 22002891i 450 001 SUN0021107 005 20151106101430.321 100 $a20040802d1994 |0engc50 ba 101 $aeng 102 $aGB 105 $a|||| ||||| 200 1 $aSymbiotic interactions$fby Angela E. Douglas 210 $aNew York$cOxford university$d1994 215 $aVI, 148 p.$cill.$d24 cm. 620 $aUS$dNew York$3SUNL000011 620 $aGB$dOxford$3SUNL000020 676 $a577.8$cSinecologia e biologia di popolazioni. Simbiosi$v22 700 1$aDouglas$b, Angela E.$3SUNV017388$0729013 712 $aOxford university$3SUNV000064$4650 790 1$aDouglas, Angela Elizabeth$zDouglas, Angela E.$3SUNV017389 790 1$aDouglas, Angela Elizabeth$zDouglas, Angela E.$3SUNV068159 801 $aIT$bSOL$c20181109$gRICA 912 $aSUN0021107 950 $aUFFICIO DI BIBLIOTECA DEL DIPARTIMENTO DI SCIENZE E TECNOLOGIE AMBIENTALI BIOLOGICHE E FARMACEUTICHE$d17 CONS Ea70 $e17 FMF2770 995 $aUFFICIO DI BIBLIOTECA DEL DIPARTIMENTO DI SCIENZE E TECNOLOGIE AMBIENTALI BIOLOGICHE E FARMACEUTICHE$bIT-CE0101$gFMF$h2770$kCONS Ea70$oc$qa 996 $aSymbiotic interactions$91428296 997 $aUNICAMPANIA LEADER 01079nam--2200349---450- 001 990003502400203316 005 20110223113713.0 010 $a978-88-348-0028-7 035 $a000350240 035 $aUSA01000350240 035 $a(ALEPH)000350240USA01 035 $a000350240 100 $a20110223d2010----km-y0itay50------ba 101 $aita 102 $aIT 105 $a||||||||001yy 200 1 $aNel divertentissimo Montecitorio$equestioni giuridiche del processo unitario$fFrancesco Cammisa 210 $aTorino$cG. Giappichelli$d2010 215 $aVII, 210 p.$d21 cm 606 0 $aItalia$xUnificazione$xSaggi$2BNCF 676 $a324.0945 700 1$aCAMMISA,$bFrancesco$0165483 801 0$aIT$bsalbc$gISBD 912 $a990003502400203316 951 $a324.094 CAM 1$b69405 G.$c324.094 CAM$d00165626 959 $aBK 969 $aECO 979 $aFIORELLA$b90$c20110223$lUSA01$h1102 979 $aFIORELLA$b90$c20110223$lUSA01$h1102 979 $aFIORELLA$b90$c20110223$lUSA01$h1137 996 $aNel divertentissimo Montecitorio$9243153 997 $aUNISA